=LDR 00000nam 2200000 4500 =001 000444 =005 20250710043059 =035 ##$$a 0010-0725000306 =007 ta =008 250710################a##########0#ind## =020 ##$$a 978-623-307-558-9 =082 ##$$a 398.209 598 =084 ##$$a 398.209 598 MIL d =100 #$$a Milena da Silva =245 1#$$a Dokter Nina /$c Milena da silva =250 ##$$a Cetakan Pertama =260 ##$$a Rawamangun :$b Badan Pengembangan dan Pembinaan Bahasa,$c 2022 =300 ##$$a 20 hlm. : $b ilus. ; $c 21,5 cm =650 #4$$a CERITA ANAK INDONESIA-TERJEMAHAN =650 #4$$a LITERASI-BAHAN BACAAN =856 ##$$a TBM AS SUHADA =990 ##$$a TBM01680168